=LDR 00000nam 2200000 4500 =001 001185 =005 20250710124757 =035 ##$$a 0010-0725000117 =007 ta =008 250710################a##########0#ind## =082 ##$$a 398.209 598 =100 #$$a Shipman,Julia =245 1#$$a Wmma Membuat Kue Kering /$c Julia Shipman =250 ##$$a pertama =260 ##$$a Jakarta Timur :$b Badan Pengembangan dan Pembinaan Bahasa,$c 2022 =300 ##$$a 20hlm. : $b Ilus. ; $c 22,9cm =650 #4$$a cerita anak indonesia terjemanahan, literasi bahan bacaan =856 ##$$a TBM AS-SYUHADA